000 02155cam a22003615a 4500
999 _c27378
_d27349
001 009413130
003 EG-ScBUE
005 20210307095102.0
008 981116r20001998enk f b 001 0 eng d
020 _a0521633583 (pbk)
020 _a9780521633581 (pbk)
040 _aUk
_beng
_erda
_cUk
_dEG-ScBUE
082 0 4 _a822.33
_bKIE
_222
100 1 0 _aKiernan, Pauline,
_eauthor.
245 1 0 _aShakespeare's theory of drama /
_cPauline Kiernan, University of Reading and the Globe, Bankside.
250 _aReprinted edition.
264 1 _aCambridge :
_bCambridge University Press,
_c2000.
300 _axii, 218 pages ;
_c22 cm
336 _2rdacontent
_atext
_btxt
337 _2rdamedia
_aunmediated
_bn
338 _2rdacarrier
_avolume
_bnc
504 _aIncludes bibliographical references and index.
520 _aWhy did Shakespeare write drama? Did he have specific reasons for his choice of this art form? Did he have clearly defined aesthetic aims in what he wanted drama to do - and why? Pauline Kiernan opens up a new area of debate for Shakespearean criticism in showing that a radical, complex defence of drama which challenged the Renaissance orthodox view of poetry, history and art can be traced in Shakespeare's plays and poems. This study, first published in 1996, examines different stages in the canon to show that far from being restricted by the 'limitations' of drama, Shakespeare consciously exploits its capacity to accommodate temporality and change, and its reliance on the physical presence of the actor. This lively, readable book offers an original and scholarly insight into what Shakespeare wanted his drama to do and why.
600 1 7 _aShakespeare, William,
_d1564-1616
_xAesthetics.
_2BUEsh
650 7 _aEnglish drama
_yEarly modern and Elizabethan, 1500-1600
_xHistory and criticism
_xTheory, etc.
_2BUEsh
650 7 _aEnglish drama
_y17th century
_xHistory and criticism
_xTheory, etc.
_2BUEsh
650 7 _aAesthetics, Modern
_y16th century.
_2BUEsh
650 7 _aAesthetics, Modern
_y17th century.
_2BUEsh
651 _2BUEsh
653 _bHHUUEENN
_cApril2019
655 _vReading book
_934232
942 _2ddc
_cBB